Lifting the burden (Record no. 78091)
[ view plain ]
| 000 -LEADER | |
|---|---|
| fixed length control field | 00959cab a2200205 4500 |
| 001 - CONTROL NUMBER | |
| control field | L135991 |
| 008 - FIXED-LENGTH DATA ELEMENTS--GENERAL INFORMATION | |
| fixed length control field | 061221n2006 000 0 eng u |
| 035 ## - SYSTEM CONTROL NUMBER | |
| System control number | (Sirsi) u135991 |
| 041 0# - LANGUAGE CODE | |
| Language code of text/sound track or separate title | eng |
| 100 1# - MAIN ENTRY--PERSONAL NAME | |
| Personal name | Kellett, Peter |
| 245 00 - TITLE STATEMENT | |
| Title | Lifting the burden |
| 260 ## - PUBLICATION, DISTRIBUTION, ETC. | |
| Date of publication, distribution, etc. | 2006 |
| 490 #0 - SERIES STATEMENT | |
| Series statement | CIWM |
| -- | The Journal for Waste and Resource Management Professionals |
| Volume/sequential designation | December 2006, 50-51(2) |
| 520 ## - SUMMARY, ETC. | |
| Summary, etc. | Focuses on the Environmental Permitting Programme, and what it might mean for those involved in environmental permitting systems, in particular those regulated under Waste Management Licensing, and Pollution Prevention and Control Permitting. The Environmental Permitting Programme is part of Defra's plans to simplify regulations, and to cut the administrative burdens imposed on businesses. |
| 590 ## - LOCAL NOTE (RLIN) | |
| Local note | KA |
| 651 #4 - SUBJECT ADDED ENTRY--GEOGRAPHIC NAME | |
| Geographic name | England and Wales |
| Chronological subdivision | 1543- |
| 690 ## - LOCAL SUBJECT ADDED ENTRY--TOPICAL TERM (OCLC, RLIN) | |
| Topical term or geographic name as entry element | ENVIRONMENTAL AND LAND CONSULTANCY-WASTE MANAGEMENT |
| 700 1# - ADDED ENTRY--PERSONAL NAME | |
| Personal name | Jones, Samuel |
| 942 ## - ADDED ENTRY ELEMENTS (KOHA) | |
| Suppress in OPAC | 0 |
| Withdrawn status | Lost status | Source of classification or shelving scheme | Damaged status | Not for loan | Home library | Current library | Shelving location | Date acquired | Total Checkouts | Full call number | Barcode | Date last seen | Copy number | Price effective from | Koha item type |
|---|---|---|---|---|---|---|---|---|---|---|---|---|---|---|---|
| Dewey Decimal Classification | London | London | Journal article | 21/12/2006 | L135991 | 135991-1001 | 06/08/2019 | 1 | 06/08/2019 | Journal article |